000 00388nam a2200157Ia 4500
008 100122s9999 xx 000 0 und d
082 _b8445
_a823.08
100 _aलेले वि ग
245 _aकळस
250 _a0
260 _bविश्वमंगल प्रकाशन
_c1941
300 _a106
630 _aकळस
730 _aकळस
942 _cBOOK
999 _c400749
_d400746